Guess the Footballers by their Teams - Picture Edition #10 - Statistics

General Stats
  • This quiz has been taken 122 times
  • The average score is 10 of 15
Answer Stats
Picture Answer % Correct
Pelé
100%
Alexis Mac Allister
89%
Dennis Bergkamp
86%
James Rodríguez
84%
Mesut Özil
83%
Roberto Baggio
83%
Ferenc Puskás
81%
Roberto Firmino
81%
Isco
80%
Juan Mata
75%
Adam Lallana
54%
Luis Enrique
45%
Jari Litmanen
39%
Roy Makaay
33%
Pablo Aimar
24%
No matching quizzes found
Score Distribution
Percent of People with Each Score
Percentile by Number Answered
Your Score History
You have not taken this quiz